Geography of India Through Maps/ (Record no. 214003)

MARC details
000 -LEADER
fixed length control field 00698nam a22002057a 4500
005 - DATE AND TIME OF LATEST TRANSACTION
control field 20260102124221.0
010 ## - LCCN (DPL NO)
LC control number ENG-147389
020 ## - INTERNATIONAL STANDARD BOOK NUMBER
International Standard Book Number 9789373592817
Terms of availability 450.00
035 ## - SYSTEM CONTROL NUMBER
System control number EN-130921
037 ## - SOURCE OF ACQUISITION
Source of stock number/acquisition DBAD
082 ## - DEWEY DECIMAL CLASSIFICATION NUMBER
Classification number 913
Edition number 10
100 ## - MAIN ENTRY--PERSONAL NAME
Personal name Keshri, Anil
245 ## - TITLE STATEMENT
Title Geography of India Through Maps/
Statement of responsibility, etc Anil Keshri
250 ## - EDITION STATEMENT
Edition statement 10
260 ## - PUBLICATION, DISTRIBUTION, ETC. (IMPRINT)
Place of publication, distribution, etc New Delhi
Name of publisher, distributor, etc S Chand and Company Limited
Date of publication, distribution, etc 2026
270 ## - ADDRESS
Address A-27, 2nd Floor, Mohan Co-operative Industrial Estate
City New Delhi
Postal code 110044
Electronic mail address info@schandpublishing.com
Telephone number 011-49731800
300 ## - PHYSICAL DESCRIPTION
Extent 332p.
Dimensions 26cm(pb)
500 ## - GENERAL NOTE
General note Useful For<br/>General Studies (IAS/PCS) and Academic Examinations
942 ## - ADDED ENTRY ELEMENTS (KOHA)
Source of classification or shelving scheme Dewey Decimal Classification
Item type English Books
Classification part 913
Call number suffix KES
Holdings
Withdrawn status Lost status Not for loan Collection code Home library Current library Date acquired Source of acquisition Cost, normal purchase price Full call number Barcode Copy number Cost, replacement price Koha item type
      Non-fiction Bawana Bawana 02/01/2026 DBAD 400.00 913 KES EN-130921 1 400.00 English Books

© Delhi Public Library
Hit Counter
free hit counter